| 000 | 01078nam a22003015a 4500 | ||
|---|---|---|---|
| 003 | OSt | ||
| 005 | 20170622103046.0 | ||
| 008 | 170621s2017 ua a grb 000 0 ara d | ||
| 017 | _a2016 / 23324 | ||
| 020 | _a9789776543126 | ||
| 040 |
_aEG-ScBUE _bara _cEG-ScBUE |
||
| 043 | _af-ua--- | ||
| 082 | 0 | 4 |
_a155.8962 _bح ك ي _222 |
| 100 | 1 | _aحكيم، طلعت. | |
| 245 | 1 | 2 |
_aالتحليل النفسي للشخصية المصرية / _cطلعت حكيم ؛ تقديم أمل محمود هاشيت. |
| 250 | _aط. 1 . | ||
| 260 |
_aالقاهرة : _bروابط للنشر وتقنية المعلومات، _c2017. |
||
| 300 |
_a288 ص. : _bإيض ؛ _c24 سم. |
||
| 504 | _aببليوجرافية : ص. 268-286. | ||
| 541 | _aإهداء من ا. محمد فريد خميس. | ||
| 590 | _aWessam | ||
| 650 | 7 |
_aالشخصية المصرية _xجوانب نفسية _yقرن 20. _2BUEsh |
|
| 650 | 7 |
_aالتحليل النفسي. _2BUEsh |
|
| 651 | _2BUEsh | ||
| 653 |
_bHHUUPPSS _cJune2017 |
||
| 700 | 1 |
_aهاشيت، أمل محمود، _eمقدم. |
|
| 942 | _2ddc | ||
| 999 |
_c24943 _d24915 |
||